000 00607nam a2200229Ia 4500
003 OSt
005 20220924153341.0
006 a|||||r|||| 00| 0
007 ta
008 220923b |||||||| |||| 00| 0 tam d
024 _a348608
037 _cTextual
040 _aARTS
_cARTS
_btam
041 _2tam
_atam
082 _aP31,Dx1,12:g, 31M3
100 _aSivalinganar A Ed.
_9228617
245 0 _aTolkappiyam kurriyalukarap punariyal
260 _c1983
650 _aLINGUISTICS
942 _hP31,Dx1,12:g, 31M3
_cTEXL
_2CC
999 _c473283
_d473283